América Latina: medición de la eficiencia productiva y el cambio técnico incorporando factores ambientales /
En este trabajo se examina el crecimiento experimentado por un conjunto de países latinoamericanos (1980-2004) mediante el análisis de la productividad total de los factores (PTF) en doble perspectiva: maximizando el valor del PIB y minimizando las emisiones de CO2. LOs resultados obtenidos permiten...
Guardat en:
| Autor principal: | |
|---|---|
| Altres autors: | |
| Format: | Text |
| Matèries: | |
| Etiquetes: |
Afegir etiqueta
Sense etiquetes, Sigues el primer a etiquetar aquest registre!
|
MARC
| LEADER | 00000 a a2200000 04500 | ||
|---|---|---|---|
| 001 | 42050 | ||
| 003 | |||
| 040 | |||
| 100 | |a Sotelsek, Daniel | ||
| 245 | |a América Latina: |b medición de la eficiencia productiva y el cambio técnico incorporando factores ambientales / |c Daniel Sotelsek ; Leopoldo Laborda | ||
| 500 | |a daniel.sotelsek@uah.es |a leopoldo.laborda@uah.es | ||
| 520 | |a En este trabajo se examina el crecimiento experimentado por un conjunto de países latinoamericanos (1980-2004) mediante el análisis de la productividad total de los factores (PTF) en doble perspectiva: maximizando el valor del PIB y minimizando las emisiones de CO2. LOs resultados obtenidos permiten señalar que la incorporación de factores medioambientales en la medición de la eficiencia y el cambio productivo hace posible que algunos paises de la región vean mejorar sus estimaciones de manera significativa en comparación con las obtenidas por métodos más tradicionales. | ||
| 590 | |a RRH/NOVIEMBRE2011 | ||
| 650 | |a CRECIMIENTO ECONOMICO | ||
| 650 | |a PRODUCTIVIDAD | ||
| 650 | |a MEDIO AMBIENTE | ||
| 650 | |a EFICIENCIA | ||
| 650 | |a AMERICA LATINA | ||
| 700 | |a Laborda, Leopoldo | ||
| 773 | |g número101 (2010), páginas 17-37 : tablas, gráficos | ||
| 999 | |c 23646 |d 23646 | ||
